000 00366nam a2200157Ia 4500
008 221030s9999 xx 000 0 und d
041 _aEnglish
082 _a105.23
_bSil
100 _aG. Silverman
245 0 _aComputers & Computer Languages
260 _bTMH
_aNew Delhi
_c1988
300 _a580
650 _aBE Computer
700 _aD. B. Turkiew
942 _cBK
999 _c976
_d976